Ανδρόνικος Α' Κομνηνός
Αποθηκεύτηκε σε:
| Κύριος συγγραφέας: | |
|---|---|
| Άλλοι συγγραφείς: | |
| Μορφή: | Βιβλίο |
| Γλώσσα: | Greek |
| Δημοσίευση: |
Αθήναι :
Εστία,
1976
|
| Θέματα: | |
| Ετικέτες: |
Προσθήκη ετικέτας
Δεν υπάρχουν, Καταχωρήστε ετικέτα πρώτοι!
|
MARC
| LEADER | 00000cam a2200000 i 4500 | ||
|---|---|---|---|
| 001 | 1/8420 | ||
| 008 | 961101s1976 gre d | ||
| 035 | |l 10017088 | ||
| 040 | |a GR-MY-UA |b gre |e aacr | ||
| 041 | 0 | |a gre | |
| 082 | 0 | |a 938.36 | |
| 100 | 0 | |a Michel, |c Prince of Greece, |d 1939- | |
| 245 | 1 | 0 | |a Ανδρόνικος Α' Κομνηνός / |c Μιχαήλ ; Μετάφραση Ελένη Γονατοπούλου |
| 260 | |a Αθήναι : |b Εστία, |c 1976 | ||
| 300 | |a 294 σ. | ||
| 504 | |a Περιέχει βιβλιογραφία και ευρετήριο | ||
| 651 | 0 | |a Byzantine Empire |x History |y Comneni dynasty, 1081-1185. | |
| 700 | 1 | |a Γονατοπούλου, Ελένη. |4 trl | |
| 852 | |a INST |b LESVOS |e 19961101 |h 938.36 MIC |p 005100012671 |q 005100012671 |t BK |y 0 | ||
| 909 | |a Λ |b 048703 | ||
| 922 | |a 1ΔΩΡ |b 199610 |c ΤΚΑ | ||